00211 a2200109 4500001000700000020000600007040001100013100001900024240002700043245002200070362000900092168876 a  cMagnum aDinorah, Maria10aPra falar de amorlpor10aPra falar de amor0 a1899